Water Management For Sustainable Agricult -Problems And Perspectives For The 21st Century (Record no. 1503)

MARC details
000 -LEADER
fixed length control field 00300nam a22001097a 4500
041 ## - LANGUAGE CODE
Language code of text/sound track or separate title ENG
245 ## - TITLE STATEMENT
Title Water Management For Sustainable Agricult -Problems And Perspectives For The 21st Century
260 ## - PUBLICATION, DISTRIBUTION, ETC. (IMPRINT)
Place of publication, distribution, etc New Delhi
Name of publisher, distributor, etc Water Technology
Date of publication, distribution, etc 1998
300 ## - PHYSICAL DESCRIPTION
Extent 516
650 ## - SUBJECT ADDED ENTRY--TOPICAL TERM
Topical term or geographic name as entry element IDE
856 ## - ELECTRONIC LOCATION AND ACCESS
Uniform Resource Identifier IDE ( 18 )
Holdings
Withdrawn status Lost status Source of classification or shelving scheme Damaged status Not for loan Home library Current library Shelving location Date acquired Total Checkouts Barcode Date last seen Price effective from Koha item type
    Dewey Decimal Classification     College of Agricultural Engineering and Technology, Dapoli , Library College of Agricultural Engineering and Technology, Dapoli , Library Book Cart 24/09/2021   003204 24/09/2021 24/09/2021 Books

Contact Us: College of Agricultural Engineering and Technology, Dapoli, Dist.- Ratnagiri
Website: https://dbskkv.org Email: caetlibrary2015@gmail.com